000 00428nam a22001697a 4500
005 20160621112458.0
008 160621b xxu||||| |||| 00| 0 eng d
020 _a07-066199-5
041 _aeng
082 _b8689
100 _aBritt, Stawart Hardrson and Boyd JR, Harreer W
_92370
245 _aMarketing Management and administrative Actions
260 _bTMH
300 _a455
650 _aManagement
_9241
942 _cBK
999 _c3352
_d3351